000 00763nam a2200229 a 4500
001 BRL_753
005 20190320210859.0
008 011013s1941----mx-a######---#000-0#spa-#
041 _aspa
044 _amx
050 4 _aRD34
_b.B39 1941
100 1 _aBaz, Gustavo
_d1894-1987
_924838
245 1 0 _aApuntes de clínica propedéutica quirúrgica
_cpor los doctores Gustavo Baz y Manuel Urrutia.
260 _aMéxico, D.F.
_bFrancisco Méndez Oteo
_c[1941]
300 _a3v.
_bil.
_c22 cm.
500 _av.1 Au842, v.2 Au841, v.3 Au833
500 _aA la cabeza de la portada: Universidad Nacional Autonoma de México. Facultad de medicina.
650 1 4 _aDiagnóstico quirúrgico
_924839
700 1 _aUrrutia, Manuel
_924840
902 _aGRL
942 _2lcc
_cB
999 _c9565
_d9565